Electron beam radiation crosslinking of natural rubber filled with silica-graphene blend prepared by latex mixing: Dynamic mechanical analysis, volume resistivity, and degradation (Record no. 75141)

MARC details
000 -LEADER
fixed length control field 02001nam a22002177a 4500
100 ## - MAIN ENTRY--AUTHOR NAME
Personal name Jansomboon, W
245 ## - TITLE STATEMENT
Title Electron beam radiation crosslinking of natural rubber filled with silica-graphene blend prepared by latex mixing: Dynamic mechanical analysis, volume resistivity, and degradation
260 ## - PUBLICATION, DISTRIBUTION, ETC. (IMPRINT)
Name of publisher Journal of Rubber Research, 26(4): 329-342.
Year of publication 2023
300 ## - PHYSICAL DESCRIPTION
Other physical details October
520 ## - SUMMARY, ETC.
Summary, etc The mechanical properties of EB-irradiated natural rubber (NR) composites were improved by a synergistic effect of adding silica (SiO2) and graphene nanoplatelets (GE) mixture into NR matrix, reported in a previous work. In this study, dynamic mechanical analysis (DMA) was performed, from which volume resistivity and degradation properties were determined. Latex NR compound filled with SiO2/GE mixture was cured by EB irradiation to form NR composites. SEM images and the EDXS elemental mapping indicated good dispersion of GE and SiO2/GE in the NR matrix. The DMA showed that the storage moduli of NR composites filled with fillers were higher than that of NR-EB. Using 2.5 phr of fillers, which is below the percolation threshold, volume resistivity properties of all NR composites remained unchanged relative to the pure NR and with varying EB doses in the range of 100–250 kGy. Finally, it was found that adding fillers into NR composites caused a decrease in water absorption of irradiated NR composite at 70 °C and a relative humidity of 80%. According to the authors’ previous work and the present results, this novel NR composites showed a potential in devices related to high-voltage application requiring electrical insulation with enhanced mechanical properties.
650 ## - SUBJECT ADDED ENTRY--TOPICAL TERM
Topical Term Natural rubber
650 ## - SUBJECT ADDED ENTRY--TOPICAL TERM
Topical Term Silica
650 ## - SUBJECT ADDED ENTRY--TOPICAL TERM
Topical Term Graphene nanoplatelets
650 ## - SUBJECT ADDED ENTRY--TOPICAL TERM
Topical Term Electron beam irradiation
650 ## - SUBJECT ADDED ENTRY--TOPICAL TERM
Topical Term Latex mixing
700 ## - ADDED ENTRY--PERSONAL NAME
Personal name Loykulnant, S
700 ## - ADDED ENTRY--PERSONAL NAME
Personal name Dittanet, P
700 ## - ADDED ENTRY--PERSONAL NAME
Personal name Prapainainar, P
856 ## - ELECTRONIC LOCATION AND ACCESS
Uniform Resource Identifier https://doi.org/10.1007/s42464-023-00213-7
942 ## - ADDED ENTRY ELEMENTS (KOHA)
Koha item type Journals
Holdings
Withdrawn status Lost status Damaged status Not for loan Home library Current library Date acquired Koha item type
        RRII Library RRII Library 07/12/2023 Journals